header

My ladybug (Record no. 263784)

MARC details
000 -LEADER
fixed length control field 00242nam a22000977a 4500
020 ## - INTERNATIONAL STANDARD BOOK NUMBER
ISBN 33358000940398
100 ## - MAIN ENTRY--AUTHOR NAME
Personal name Herbert H. Wong and Matthew F. Vessel
245 ## - TITLE STATEMENT
Title My ladybug
260 ## - PUBLICATION, DISTRIBUTION, ETC. (IMPRINT)
Place of publication Reading, Mass
Name of publisher Addison-Wesley
Year of publication 1969
942 ## - ADDED ENTRY ELEMENTS (KOHA)
Koha item type Long Loan Books
Holdings
Withdrawn status Lost status Collection code Home library Current library Shelving location Date acquired Accession Number Koha item type
    Fiction Rongo University Library Rongo University Library Children's Area 10/06/2024 CL2021901 Long Loan Books

© 2026 Rongo University
Contact us: librarian | system librarian | Rongo university